000 01112nas a2200373 4500
001 BR2011007226
003 BR-BrBNA
005 20231205115745.0
007 ta
008 230509b bl.|||p| |||| 00| 00por d
040 _aBR-BrBNA
_bpor
_cBiblioteca Nacional de Agricultura
041 _a(Pt)
072 _aL73
100 1 _aLoss, F.R.
100 1 _aColomé, L.M.
100 1 _aOliveira, R.P.
100 1 _aMelatti, L.
100 1 _aBortolini, C.E.
100 1 _aAguiar, E.S.V.
100 1 _aBarcellos, H.H.A.
100 1 _aMartins, T.B.
100 1 _aLuz, C.F.
100 1 _aBrun
245 1 _aPododermatite plasmicitária felina: Relato de caso
246 1 _aFeline plasma cell pododermatitis: case report
650 _aGATO
650 _aFÊMEA
650 _aPELE
650 _aDOENÇA ANIMAL
650 _aTRATAMENTO
773 0 _tMEDVEP. Revista Científica de Medicina Veterinária. Pequenos Animais e Animais de Estimação (Brazil)
_xISSN 1678-1430
_g(Apr-Jun 2010), v. 8(25) p. 217-220
_wBR2011007226
909 _a202311
_bLúcia
_c55
_dLúcia Elande
942 _2AGRIS
_n0
_cANA
999 _c215546
_d215546